Oceanological principles as related to the fishery productivity of the seas. (Record no. 32080)
[ view plain ]
| 000 -LEADER | |
|---|---|
| fixed length control field | 01041nam a22002411 4500 |
| 001 - CONTROL NUMBER | |
| control field | he 67000081 |
| 003 - CONTROL NUMBER IDENTIFIER | |
| control field | DLC |
| 005 - DATE AND TIME OF LATEST TRANSACTION | |
| control field | 20260227111443.0 |
| 008 - FIXED-LENGTH DATA ELEMENTS--GENERAL INFORMATION | |
| fixed length control field | 850321s1964 is a b f00010 eng |
| 010 ## - LIBRARY OF CONGRESS CONTROL NUMBER | |
| LC control number | he 67000081 //r85 |
| 040 ## - CATALOGING SOURCE | |
| Original cataloging agency | DLC/ICU |
| Transcribing agency | ICU |
| 041 1# - LANGUAGE CODE | |
| Language code of text/sound track or separate title | engrus |
| 043 ## - GEOGRAPHIC AREA CODE | |
| Geographic area code | e-ur--- |
| 050 0# - LIBRARY OF CONGRESS CALL NUMBER | |
| Classification number | QH91 |
| Item number | .I8713 |
| 100 10 - MAIN ENTRY--PERSONAL NAME | |
| Personal name | Izhevskiĭ, G. K. |
| Fuller form of name | (Georgii Konstantinovich) |
| 240 10 - UNIFORM TITLE | |
| Uniform title | Okeanologicheskie osnovy formirovanii͡a promyslovoĭ produktivnosti moreĭ. |
| Language of a work | English |
| 245 10 - TITLE STATEMENT | |
| Title | Oceanological principles as related to the fishery productivity of the seas. |
| Remainder of title | Okeanologicheskie osnovy formirovaniya promyslovoi produktivnosti morei |
| Statement of responsibility, etc. | [by] G.K. Izhevskii. Translated from Russian [by A. Birron and Z.S. Cole]. |
| 260 0# - PUBLICATION, DISTRIBUTION, ETC. | |
| Place of publication, distribution, etc. | Jerusalem, |
| Name of publisher, distributor, etc. | Israel Program for Scientific Translations; [available from the Office of Technical Services, U.S. Dept. of Commerce, Washington] |
| Date of publication, distribution, etc. | 1964. |
| 300 ## - PHYSICAL DESCRIPTION | |
| Extent | 186 p. |
| Other physical details | illus. |
| Dimensions | 25 cm. |
| 504 ## - BIBLIOGRAPHY, ETC. NOTE | |
| Bibliography, etc. note | Bibliography: p. 174-186. |
| 650 #0 - SUBJECT ADDED ENTRY--TOPICAL TERM | |
| Topical term or geographic name entry element | Marine biology. |
| 650 #0 - SUBJECT ADDED ENTRY--TOPICAL TERM | |
| Topical term or geographic name entry element | Fisheries |
| Geographic subdivision | Soviet Union. |
No items available.